[Event "LSS SA-2022-0-00807"]
[Site "LSS email"]
[Date "2022.09.16"]
[Round "?"]
[White "Wisham, Clyde"]
[Black "Avellan, Gerardo"]
[Result "1/2-1/2"]
[WhiteElo "2090"]
[BlackElo "2097"]
[PlyCount "65"]
[EventDate "2022.07.06"]
[EventType "tourn (corr)"]
[EventRounds "6"]
[EventCountry "GER"]
[SourceTitle "Corr 2024"]
[Source "ChessBase"]
[SourceDate "2023.10.19"]
[SourceVersion "1"]
[SourceVersionDate "2023.10.19"]
[SourceQuality "1"]

1. d4 Nf6 2. c4 e6 3. g3 d5 4. Bg2 Bb4+ 5. Bd2 Be7 6. Nf3 0-0 7. 0-0 c6 8. Qc2 b6 9. Rd1 Nbd7 10. b3 a5 11. Bc3 Ne4 12. Ne5 Nxe5 13. Bxe4 f5 14. Bg2 Nf7 15. Nd2 Ng5 16. Rac1 Bd7 17. f4 Ne4 18. e3 h6 19. Nxe4 fxe4 20. a4 b5 21. axb5 cxb5 22. c5 b4 23. Be1 Qe8 24. Rd2 g5 25. Qd1 Bc6 26. Bh3 Qg6 27. Kh1 h5 28. Ra1 Bd8 29. Rf2 Kh8 30. Bf1 Rf7 31. Bd2 Bc7 32. Be2 g4 33. Rg2 1/2-1/2

[Event "LSS No Engine Cup 228 Preliminary 0"]
[Site "LSS email"]
[Date "2022.07.09"]
[Round "?"]
[White "Helmbrecht, John"]
[Black "Wisham, Clyde"]
[Result "1/2-1/2"]
[WhiteElo "1741"]
[BlackElo "1812"]
[PlyCount "54"]
[EventDate "2022.07.09"]
[EventType "tourn (corr)"]
[EventRounds "6"]
[EventCountry "GER"]
[SourceTitle "Corr 2024"]
[Source "ChessBase"]
[SourceDate "2023.10.19"]
[SourceVersion "1"]
[SourceVersionDate "2023.10.19"]
[SourceQuality "1"]

1. d4 Nf6 2. Nf3 g6 3. g3 Bg7 4. Bg2 0-0 5. 0-0 d5 6. c4 dxc4 7. Na3 c6 8. Nxc4 Be6 9. b3 Bd5 10. Bb2 Nbd7 11. e3 c5 12. Rc1 Rc8 13. Qe2 cxd4 14. Bxd4 a6 15. Rfd1 b5 16. Nce5 Nxe5 17. Bxe5 Rxc1 18. Rxc1 Qb6 19. Bd4 Qd6 20. Qb2 Rd8 21. Be5 Qd7 22. Bd4 Ne8 23. Bxg7 Nxg7 24. Qc3 Ne6 25. Rd1 Qb7 26. Ne1 Bxg2 27. Rxd8+ Nxd8 1/2-1/2

[Event "LSS No Engine Cup 228 Preliminary 0"]
[Site "LSS email"]
[Date "2022.07.09"]
[Round "?"]
[White "Wisham, Clyde"]
[Black "Rodriguez, Juan Antonio"]
[Result "1-0"]
[WhiteElo "1812"]
[BlackElo "1361"]
[PlyCount "57"]
[EventDate "2022.07.09"]
[EventType "tourn (corr)"]
[EventRounds "6"]
[EventCountry "GER"]
[SourceTitle "Corr 2024"]
[Source "ChessBase"]
[SourceDate "2023.10.19"]
[SourceVersion "1"]
[SourceVersionDate "2023.10.19"]
[SourceQuality "1"]

1. d4 Nf6 2. c4 d6 3. Nf3 Nbd7 4. g3 c6 5. Bg2 g6 6. Nc3 Bg7 7. 0-0 0-0 8. e4 e5 9. b3 b6 10. Bb2 Bb7 11. Qd2 exd4 12. Nxd4 Re8 13. Rfe1 Nc5 14. b4 Ncd7 15. f3 Qc7 16. f4 h5 17. Rad1 d5 18. cxd5 cxd5 19. exd5 Rxe1+ 20. Rxe1 Re8 21. Rxe8+ Nxe8 22. Nc6 a6 23. Qe2 Nd6 24. Ne4 Bxb2 25. Qxb2 Nxe4 26. Bxe4 Qd6 27. Qc3 Nf6 28. Bg2 Ne8 29. Qe3 1-0

[Event "LSS No Engine Cup 228 Preliminary 0"]
[Site "LSS email"]
[Date "2022.07.09"]
[Round "?"]
[White "Wisham, Clyde"]
[Black "Wilshusen, Horst"]
[Result "1-0"]
[WhiteElo "1812"]
[BlackElo "1365"]
[PlyCount "45"]
[EventDate "2022.07.09"]
[EventType "tourn (corr)"]
[EventRounds "6"]
[EventCountry "GER"]
[SourceTitle "Corr 2024"]
[Source "ChessBase"]
[SourceDate "2023.10.19"]
[SourceVersion "1"]
[SourceVersionDate "2023.10.19"]
[SourceQuality "1"]

1. d4 Nf6 2. c4 e6 3. g3 Bb4+ 4. Bd2 Qe7 5. Bg2 0-0 6. Nf3 d6 7. Bxb4 c5 8. dxc5 dxc5 9. Ba3 Nc6 10. 0-0 Bd7 11. Nc3 Rfd8 12. Qc2 Be8 13. Rad1 Rxd1 14. Rxd1 Rd8 15. Rxd8 Qxd8 16. Bxc5 b6 17. Ba3 h6 18. b4 e5 19. Qd3 Qc7 20. Nb5 Qb8 21. Nc3 Qc7 22. e4 g6 23. Nd5 1-0

[Event "WC-2022-S-00006"]
[Site "LSS email"]
[Date "2022.06.21"]
[Round "?"]
[White "Brotherton, Trevor"]
[Black "Wisham, Clyde"]
[Result "1/2-1/2"]
[WhiteElo "2116"]
[BlackElo "2098"]
[PlyCount "42"]
[EventDate "2022.06.21"]
[EventType "tourn (corr)"]
[EventRounds "12"]
[EventCountry "GER"]
[SourceTitle "Corr 2024"]
[Source "ChessBase"]
[SourceDate "2023.10.19"]
[SourceVersion "1"]
[SourceVersionDate "2023.10.19"]
[SourceQuality "1"]

1. g3 d5 2. Bg2 e5 3. c4 d4 4. d3 c5 5. Nf3 Nc6 6. 0-0 Nf6 7. e3 Be7 8. exd4 exd4 9. Bf4 0-0 10. Ne5 Nxe5 11. Bxe5 Bg4 12. Bf3 Bxf3 13. Qxf3 Nd7 14. Bf4 Bg5 15. Bxg5 Qxg5 16. Qxb7 Rfd8 17. b3 Rab8 18. Qg2 Re8 19. Na3 Qf5 20. Nb5 Qxd3 21. b4 cxb4 1/2-1/2

[Event "WC-2022-S-00006"]
[Site "LSS email"]
[Date "2022.06.21"]
[Round "?"]
[White "Hoffmann, Thomas"]
[Black "Wisham, Clyde"]
[Result "1/2-1/2"]
[WhiteElo "2120"]
[BlackElo "2098"]
[PlyCount "57"]
[EventDate "2022.06.21"]
[EventType "tourn (corr)"]
[EventRounds "12"]
[EventCountry "GER"]
[SourceTitle "Corr 2024"]
[Source "ChessBase"]
[SourceDate "2023.10.19"]
[SourceVersion "1"]
[SourceVersionDate "2023.10.19"]
[SourceQuality "1"]

1. e4 e5 2. Nf3 Nf6 3. Nxe5 d6 4. Nf3 Nxe4 5. d4 d5 6. Bd3 Bd6 7. 0-0 0-0 8. c4 c6 9. Nc3 Nxc3 10. bxc3 dxc4 11. Bxc4 Bg4 12. h3 Bh5 13. g4 Bg6 14. Re1 Nd7 15. Bg5 Qc7 16. Nh4 b5 17. Nxg6 hxg6 18. Bf1 Nb6 19. Qf3 Rae8 20. Bd3 Nd5 21. Bxb5 Bh2+ 22. Kh1 cxb5 23. Rxe8 Rxe8 24. Qxd5 Qxc3 25. Rc1 Qxh3 26. Qg2 Qxg2+ 27. Kxg2 f6 28. Be3 Bd6 29. Rc6 1/2-1/2

[Event "WC-2022-S-00006"]
[Site "LSS email"]
[Date "2022.06.21"]
[Round "?"]
[White "Kolanek, Sylwia"]
[Black "Wisham, Clyde"]
[Result "1-0"]
[WhiteElo "2098"]
[BlackElo "2098"]
[PlyCount "93"]
[EventDate "2022.06.21"]
[EventType "tourn (corr)"]
[EventRounds "12"]
[EventCountry "GER"]
[SourceTitle "Corr 2024"]
[Source "ChessBase"]
[SourceDate "2023.10.19"]
[SourceVersion "1"]
[SourceVersionDate "2023.10.19"]
[SourceQuality "1"]

1. Nf3 d5 2. d4 Nf6 3. c4 c6 4. e3 Bf5 5. Nc3 Nbd7 6. cxd5 Nxd5 7. Nh4 Bg6 8. Nxg6 hxg6 9. g3 Qb6 10. a3 Qa5 11. Qb3 N7b6 12. Bd2 Nxc3 13. bxc3 Qd5 14. Qxd5 cxd5 15. a4 Rc8 16. Rb1 Rc7 17. a5 Nc8 18. e4 dxe4 19. a6 b6 20. Bb5+ Kd8 21. c4 e6 22. 0-0 Rh5 23. Rfd1 Bd6 24. g4 Rh8 25. c5 bxc5 26. Ba5 c4 27. Bc6 Bxh2+ 28. Kg2 Bd6 29. d5 Ke7 30. Bxc7 Bxc7 31. dxe6 Nb6 32. exf7 Rh4 33. Be8 Rxg4+ 34. Kf1 Rh4 35. Ke2 c3 36. Rdc1 Rh5 37. Rxc3 Nd5 38. Rc4 Bb6 39. Rxe4+ Kf8 40. Rc4 Rf5 41. f3 g5 42. Rc8 Nf4+ 43. Kd2 Ra5 44. Rh1 Ng6 45. Kc3 Be3 46. Kb4 Bd2+ 47. Kb3 1-0

[Event "LSS No Engine Cup 226 Preliminary 0"]
[Site "LSS email"]
[Date "2022.03.27"]
[Round "?"]
[White "Wisham, Clyde"]
[Black "Tylecek, Drahomir"]
[Result "1-0"]
[WhiteElo "1821"]
[BlackElo "1413"]
[PlyCount "51"]
[EventDate "2022.03.27"]
[EventType "tourn (corr)"]
[EventRounds "6"]
[EventCountry "GER"]
[SourceTitle "Corr 2024"]
[Source "ChessBase"]
[SourceDate "2023.10.19"]
[SourceVersion "1"]
[SourceVersionDate "2023.10.19"]
[SourceQuality "1"]

1. d4 Nf6 2. c4 g6 3. g3 d5 4. Bg2 Bg7 5. Nf3 0-0 6. 0-0 dxc4 7. Qc2 Be6 8. Ng5 Qxd4 9. Nxe6 fxe6 10. Bxb7 Nbd7 11. Bxa8 Rxa8 12. Rd1 Qg4 13. Nc3 Ne5 14. Kg2 Rf8 15. h3 Qh5 16. Be3 g5 17. Bxa7 g4 18. h4 Bh6 19. Bd4 Ng6 20. Ne4 c5 21. Bxf6 exf6 22. Qxc4 Nxh4+ 23. gxh4 Bg5 24. Qxe6+ Kg7 25. Rd7+ Kh8 26. Nxg5 1-0

[Event "LSS SA-2021-0-00777"]
[Site "LSS email"]
[Date "2021.11.03"]
[Round "?"]
[White "Wisham, Clyde"]
[Black "Avellan, Gerardo"]
[Result "1/2-1/2"]
[WhiteElo "2106"]
[BlackElo "2057"]
[PlyCount "51"]
[EventDate "2021.10.07"]
[EventType "tourn (corr)"]
[EventRounds "6"]
[EventCountry "GER"]
[SourceTitle "Corr 2024"]
[Source "ChessBase"]
[SourceDate "2023.10.19"]
[SourceVersion "1"]
[SourceVersionDate "2023.10.19"]
[SourceQuality "1"]

1. d4 d5 2. Bf4 Nf6 3. e3 e6 4. Nd2 Bd6 5. Bg3 b6 6. c3 0-0 7. Bd3 Bb7 8. Ngf3 c5 9. Ne5 Qc7 10. 0-0 Nc6 11. Ng4 Nxg4 12. Qxg4 e5 13. dxc5 bxc5 14. e4 c4 15. Bc2 Ne7 16. exd5 Bxd5 17. Be4 Bxe4 18. Qxe4 Rac8 19. Rad1 f5 20. Qe2 Ng6 21. h4 f4 22. Ne4 Be7 23. h5 fxg3 24. hxg6 gxf2+ 25. Rxf2 hxg6 26. Qg4 1/2-1/2

[Event "LSS No Engine Cup 221 Preliminary 0"]
[Site "LSS email"]
[Date "2021.09.14"]
[Round "?"]
[White "Wisham, Clyde"]
[Black "Ramponelli, Roberto"]
[Result "1-0"]
[WhiteElo "1787"]
[BlackElo "1631"]
[PlyCount "43"]
[EventDate "2021.09.14"]
[EventType "tourn (corr)"]
[EventRounds "6"]
[EventCountry "GER"]
[SourceTitle "Corr 2024"]
[Source "ChessBase"]
[SourceDate "2023.10.19"]
[SourceVersion "1"]
[SourceVersionDate "2023.10.19"]
[SourceQuality "1"]

1. d4 d5 2. c4 e6 3. Nf3 Nf6 4. g3 Be7 5. Bg2 0-0 6. 0-0 c5 7. cxd5 exd5 8. dxc5 Bxc5 9. Bg5 Be6 10. Nc3 Be7 11. Nd4 Nbd7 12. Rc1 h6 13. Bxf6 Nxf6 14. Nxe6 fxe6 15. Qd4 Rc8 16. Qxa7 Bc5 17. Qa4 e5 18. Qb3 b6 19. Bxd5+ Kh8 20. Rcd1 Qe7 21. e3 Ng4 22. Be6 1-0

[Event "OP-2021-0-05165"]
[Site "LSS email"]
[Date "2021.07.21"]
[Round "?"]
[White "Correa de Almeida, Claudio"]
[Black "Wisham, Clyde"]
[Result "0-1"]
[WhiteElo "1515"]
[BlackElo "2125"]
[PlyCount "68"]
[EventDate "2021.07.17"]
[EventType "tourn (corr)"]
[EventRounds "4"]
[EventCountry "GER"]
[SourceTitle "Corr 2024"]
[Source "ChessBase"]
[SourceDate "2023.10.19"]
[SourceVersion "1"]
[SourceVersionDate "2023.10.19"]
[SourceQuality "1"]

1. e4 e6 2. d4 d5 3. Nc3 Nf6 4. e5 Nfd7 5. f4 c5 6. Nf3 Nc6 7. Be3 Be7 8. Qd2 0-0 9. dxc5 Bxc5 10. 0-0-0 Qa5 11. a3 a6 12. g4 b5 13. Bxc5 Nxc5 14. Nd4 Bb7 15. Nxc6 Bxc6 16. Bg2 b4 17. Na2 Qc7 18. axb4 Nd7 19. Nc3 Rab8 20. Ne2 a5 21. bxa5 Ba4 22. Nd4 Rfc8 23. Kb1 Nc5 24. f5 Qb7 25. Qc1 Qb4 26. a6 Qa5 27. a7 Qxa7 28. Qe3 Ra8 29. Qa3 Qb7 30. fxe6 fxe6 31. Qf3 Bxc2+ 32. Nxc2 Na4 33. b4 Nc3+ 34. Kc1 Ra2 0-1

[Event "LSS No Engine Cup 218 Preliminary 0"]
[Site "LSS email"]
[Date "2021.06.07"]
[Round "?"]
[White "Harding, Tim"]
[Black "Wisham, Clyde"]
[Result "0-1"]
[WhiteElo "1600"]
[BlackElo "1787"]
[PlyCount "78"]
[EventDate "2021.06.07"]
[EventType "tourn (corr)"]
[EventRounds "6"]
[EventCountry "GER"]
[SourceTitle "Corr 2024"]
[Source "ChessBase"]
[SourceDate "2023.10.19"]
[SourceVersion "1"]
[SourceVersionDate "2023.10.19"]
[SourceQuality "1"]

1. e4 e5 2. d4 exd4 3. Qxd4 Nc6 4. Qd3 Bc5 5. Nc3 Nf6 6. Bf4 0-0 7. 0-0-0 d6 8. Qd2 Be6 9. f3 a6 10. Nge2 Re8 11. Kb1 b5 12. h4 Ne5 13. Nd4 Bd7 14. Nf5 b4 15. Nd5 Nxd5 16. Qxd5 a5 17. Bg5 Qc8 18. Qd2 Bxf5 19. exf5 Qxf5 20. Rh3 f6 21. g4 Qd7 22. Be3 Bxe3 23. Qxe3 a4 24. Qf4 c5 25. Bc4+ Nxc4 26. Qxc4+ Kf8 27. Rhh1 Re3 28. Qxc5 dxc5 29. Rxd7 Rae8 30. c3 b3 31. axb3 axb3 32. Kc1 Rxf3 33. Rhd1 Re7 34. R7d5 Rg3 35. g5 Ra7 36. gxf6 gxf6 37. Rd8+ Ke7 38. R1d5 Ra1+ 39. Kd2 Rb1 0-1

[Event "SM-2021-0-00439"]
[Site "LSS email"]
[Date "2021.02.04"]
[Round "?"]
[White "Wisham, Clyde"]
[Black "Pilgram, Kurt"]
[Result "1/2-1/2"]
[WhiteElo "2162"]
[BlackElo "2173"]
[PlyCount "93"]
[EventDate "2020.11.23"]
[EventType "tourn (corr)"]
[EventRounds "6"]
[EventCountry "GER"]
[SourceTitle "Corr 2024"]
[Source "ChessBase"]
[SourceDate "2023.10.19"]
[SourceVersion "1"]
[SourceVersionDate "2023.10.19"]
[SourceQuality "1"]

1. d4 e6 2. c4 Nf6 3. g3 Bb4+ 4. Bd2 Be7 5. Bg2 0-0 6. Nf3 c6 7. 0-0 d5 8. Bf4 Nbd7 9. Nc3 dxc4 10. e4 Re8 11. a4 b6 12. Qe2 a5 13. Rfd1 Ba6 14. Nd2 Rc8 15. Rac1 c5 16. e5 cxd4 17. exf6 Bxf6 18. Nde4 e5 19. Be3 Be7 20. Nb5 c3 21. Nexc3 dxe3 22. Bh3 exf2+ 23. Kf1 Rc7 24. Nxc7 Bxe2+ 25. Nxe2 Bg5 26. Rc6 Rf8 27. Rxd7 Qc8 28. Rcd6 Be7 29. Rd5 Bf6 30. Nc3 Bd8 31. N7b5 Be7 32. Rxe5 Bb4 33. Kxf2 Qc6 34. Rdd5 Bc5+ 35. Kg2 Rd8 36. Bg4 Rxd5 37. Rxd5 g6 38. Bf3 Qe6 39. Ne4 Kg7 40. Nxc5 bxc5 41. Rd2 Qe3 42. Re2 Qb3 43. Nc3 Qb4 44. Bc6 Qd4 45. h4 c4 46. Bf3 h5 47. Bc6 1/2-1/2

[Event "OP-2021-0-05094"]
[Site "LSS email"]
[Date "2021.02.03"]
[Round "?"]
[White "Korn, Hans"]
[Black "Wisham, Clyde"]
[Result "1/2-1/2"]
[WhiteElo "800"]
[BlackElo "2162"]
[PlyCount "92"]
[EventDate "2021.02.02"]
[EventType "tourn (corr)"]
[EventRounds "4"]
[EventCountry "GER"]
[SourceTitle "Corr 2022"]
[Source "ChessBase"]
[SourceDate "2021.10.24"]
[SourceVersion "1"]
[SourceVersionDate "2021.10.24"]
[SourceQuality "1"]

1. d4 Nf6 2. c4 g6 3. Nc3 d5 4. cxd5 Nxd5 5. e4 Nxc3 6. bxc3 Bg7 7. Bc4 c5 8. Ne2 0-0 9. 0-0 Nc6 10. Be3 Bg4 11. f3 Bd7 12. Rc1 Na5 13. Bd3 a6 14. dxc5 Qc7 15. Qc2 Rfd8 16. Kh1 Bb5 17. c4 Be8 18. Nc3 Bd4 19. Bg5 f6 20. Bh4 Bf7 21. Nd5 Qxc5 22. Qd1 Rac8 23. f4 Kg7 24. Qe1 Kf8 25. h3 Qa3 26. Rf3 Qc5 27. Rc2 Nc6 28. Bf1 Kg7 29. Qd1 Qa7 30. a4 Bc5 31. Ra2 b6 32. Qe1 Qd7 33. Bf2 Rb8 34. Rb2 a5 35. Qa1 Nb4 36. g4 Qd6 37. Rd2 Nxd5 38. exd5 Bxf2 39. Rdxf2 e6 40. f5 gxf5 41. g5 Qe5 42. Qc1 fxg5 43. Qxg5+ Kh8 44. Re3 Qg7 45. Qh4 Rd6 46. Qe7 Qf8 1/2-1/2

[Event "LSS No Engine Cup 208 Preliminary 0"]
[Site "LSS email"]
[Date "2020.10.01"]
[Round "?"]
[White "Mueller Toepler, Michael"]
[Black "Wisham, Clyde"]
[Result "1-0"]
[WhiteElo "2006"]
[BlackElo "1798"]
[PlyCount "63"]
[EventDate "2020.10.01"]
[EventType "tourn (corr)"]
[EventRounds "6"]
[EventCountry "GER"]
[SourceTitle "Corr 2022"]
[Source "ChessBase"]
[SourceDate "2021.10.24"]
[SourceVersion "1"]
[SourceVersionDate "2021.10.24"]
[SourceQuality "1"]

1. e4 e6 2. d4 d5 3. Nc3 Bb4 4. exd5 exd5 5. Bd3 Nc6 6. a3 Bxc3+ 7. bxc3 Be6 8. Qf3 Nge7 9. Ne2 0-0 10. 0-0 Qd7 11. Rb1 b6 12. Nf4 Bg4 13. Qg3 Na5 14. h3 Bf5 15. Nh5 Bg6 16. Bh6 Qd6 17. Nxg7 f6 18. Rbe1 Qxg3 19. fxg3 Rf7 20. Re6 Nac6 21. Bb5 Nd8 22. Re3 Be4 23. Nh5 f5 24. Bd7 c5 25. Bg5 cxd4 26. cxd4 h6 27. Bf6 Kf8 28. Bxe7+ Rxe7 29. Bxf5 Bxf5 30. Rxf5+ Nf7 31. Rc3 Rd8 32. g4 1-0

[Event "LSS No Engine Cup 208 Preliminary 0"]
[Site "LSS email"]
[Date "2020.10.01"]
[Round "?"]
[White "Wisham, Clyde"]
[Black "Wilshusen, Horst"]
[Result "1-0"]
[WhiteElo "1798"]
[BlackElo "1571"]
[PlyCount "82"]
[EventDate "2020.10.01"]
[EventType "tourn (corr)"]
[EventRounds "6"]
[EventCountry "GER"]
[SourceTitle "Corr 2022"]
[Source "ChessBase"]
[SourceDate "2021.10.24"]
[SourceVersion "1"]
[SourceVersionDate "2021.10.24"]
[SourceQuality "1"]

1. d4 Nf6 2. c4 e6 3. g3 Bb4+ 4. Bd2 Qe7 5. Nf3 0-0 6. Bg2 Bxd2+ 7. Qxd2 d6 8. Nc3 e5 9. 0-0 Re8 10. e4 Bg4 11. Ne1 Nc6 12. Nc2 exd4 13. Nxd4 Qd7 14. f3 Bh3 15. Nd5 Nxd5 16. cxd5 Nxd4 17. Qxd4 Bxg2 18. Kxg2 c5 19. dxc6 bxc6 20. Rfd1 Rab8 21. b3 d5 22. Rac1 Qe6 23. exd5 cxd5 24. Qxd5 Qxd5 25. Rxd5 Re2+ 26. Kh3 Rxa2 27. Rc7 Rf2 28. Rb7 Rc8 29. f4 h5 30. Rxh5 g6 31. Rd5 Rcc2 32. Rd8+ Kg7 33. Rdd7 Rxh2+ 34. Kg4 Rhe2 35. Rxf7+ Kg8 36. Rg7+ Kf8 37. Rbf7+ Ke8 38. Rxa7 Kf8 39. Rxg6 Rb2 40. Rb6 Re7 41. Rxe7 Kxe7 1-0

[Event "LSS No Engine Cup 205 Preliminary 0"]
[Site "LSS email"]
[Date "2020.07.06"]
[Round "?"]
[White "Mueller Toepler, Michael"]
[Black "Wisham, Clyde"]
[Result "1-0"]
[WhiteElo "1950"]
[BlackElo "1771"]
[PlyCount "101"]
[EventDate "2020.07.06"]
[EventType "tourn (corr)"]
[EventRounds "6"]
[EventCountry "GER"]
[SourceTitle "Corr 2022"]
[Source "ChessBase"]
[SourceDate "2021.10.24"]
[SourceVersion "1"]
[SourceVersionDate "2021.10.24"]
[SourceQuality "1"]

1. c4 Nf6 2. d4 g6 3. Nc3 d5 4. cxd5 Nxd5 5. Nf3 Bg7 6. e4 Nxc3 7. bxc3 c5 8. Bb5+ Nc6 9. 0-0 cxd4 10. Nxd4 Bd7 11. Nxc6 Bxc6 12. Bxc6+ bxc6 13. Qa4 Qc8 14. Bg5 Qc7 15. Bf4 e5 16. Be3 0-0 17. Rfd1 Rfc8 18. Rab1 Rd8 19. Rxd8+ Rxd8 20. Qxa7 Qxa7 21. Bxa7 Bf8 22. g3 Rd2 23. Rb8 Kg7 24. Rc8 Rxa2 25. Bb8 f6 26. Rc7+ Kg8 27. Rxc6 Rc2 28. Rxf6 Rxc3 29. Kg2 Rc4 30. Kf3 Rc3+ 31. Kg4 Bg7 32. Ra6 Rc2 33. Ba7 Rc4 34. Kf3 Rc3+ 35. Be3 Rc2 36. Ra5 h5 37. h4 Rc7 38. Bc5 Kf7 39. Bd6 Rc3+ 40. Ke2 Rc2+ 41. Ke3 Rc3+ 42. Kd2 Rf3 43. Ra7+ Kg8 44. Ke2 Rb3 45. Ra5 Rb2+ 46. Kf3 Rb3+ 47. Kg2 Kf7 48. Bxe5 Bxe5 49. Rxe5 Kf6 50. Rc5 Rb4 51. Rc6+ 1-0

[Event "LSS No Engine Cup 205 Preliminary 0"]
[Site "LSS email"]
[Date "2020.07.06"]
[Round "?"]
[White "Wisham, Clyde"]
[Black "Csoma, Robert"]
[Result "1/2-1/2"]
[WhiteElo "1771"]
[BlackElo "1453"]
[PlyCount "74"]
[EventDate "2020.07.06"]
[EventType "tourn (corr)"]
[EventRounds "6"]
[EventCountry "GER"]
[SourceTitle "Corr 2022"]
[Source "ChessBase"]
[SourceDate "2021.10.24"]
[SourceVersion "1"]
[SourceVersionDate "2021.10.24"]
[SourceQuality "1"]

1. d4 f5 2. g3 Nf6 3. Bg2 e6 4. c4 Be7 5. Nf3 0-0 6. 0-0 d5 7. Nbd2 c5 8. cxd5 exd5 9. dxc5 Bxc5 10. Nb3 Bb6 11. Nbd4 Nc6 12. b3 Bd7 13. Bb2 Ne4 14. e3 Rc8 15. Rc1 Qe7 16. Ne2 Be6 17. Nfd4 Nxd4 18. Bxd4 Bxd4 19. Nxd4 Rxc1 20. Qxc1 Rc8 21. Qb2 Bd7 22. Rd1 g6 23. Ne2 Bc6 24. Rc1 Qg7 25. Qa3 a6 26. f3 Ng5 27. Nd4 Qe5 28. Kf2 Re8 29. b4 Qd6 30. Nxc6 bxc6 31. Qd3 Ra8 32. a3 a5 33. b5 cxb5 34. Qxb5 d4 35. Qc4+ Ne6 36. exd4 Qxd4+ 37. Qxd4 Nxd4 1/2-1/2

[Event "SA-2020-0-00726"]
[Site "LSS email"]
[Date "2020.06.25"]
[Round "?"]
[White "Wisham, Clyde"]
[Black "Costa, Fabrizio"]
[Result "1/2-1/2"]
[WhiteElo "2169"]
[BlackElo "2087"]
[PlyCount "79"]
[EventDate "2020.05.05"]
[EventType "tourn (corr)"]
[EventRounds "6"]
[EventCountry "GER"]
[SourceTitle "Corr 2022"]
[Source "ChessBase"]
[SourceDate "2021.10.24"]
[SourceVersion "1"]
[SourceVersionDate "2021.10.24"]
[SourceQuality "1"]

1. d4 d5 2. Nf3 Nf6 3. c4 c6 4. e3 Bf5 5. Nc3 e6 6. Nh4 Bg6 7. Nxg6 hxg6 8. Bd2 Nbd7 9. g3 Bb4 10. Qb3 a5 11. a3 Bxc3 12. Bxc3 Qc7 13. Be2 Ne4 14. 0-0 Ndf6 15. Be1 Nd6 16. c5 Nf5 17. Rd1 g5 18. Kg2 g4 19. Rh1 Rh5 20. Rb1 e5 21. Qd1 Nh6 22. h4 exd4 23. exd4 Qe7 24. Bd3 Ne4 25. Bd2 Qf6 26. Bxe4 dxe4 27. Re1 Qf3+ 28. Kg1 Qxd1 29. Rbxd1 f5 30. d5 Nf7 31. Bf4 Ke7 32. Re3 a4 33. b3 g5 34. hxg5 Nxg5 35. Bxg5+ Rxg5 36. bxa4 Rxa4 37. Rb3 Ra7 38. dxc6 bxc6 39. Rd6 f4 40. Rxc6 1/2-1/2

[Event "SA-2020-0-00726"]
[Site "LSS email"]
[Date "2020.06.25"]
[Round "?"]
[White "Wisham, Clyde"]
[Black "Morcin, Tom"]
[Result "1/2-1/2"]
[WhiteElo "2169"]
[BlackElo "2112"]
[PlyCount "103"]
[EventDate "2020.05.05"]
[EventType "tourn (corr)"]
[EventRounds "6"]
[EventCountry "GER"]
[SourceTitle "Corr 2022"]
[Source "ChessBase"]
[SourceDate "2021.10.24"]
[SourceVersion "1"]
[SourceVersionDate "2021.10.24"]
[SourceQuality "1"]

1. d4 Nf6 2. c4 e6 3. g3 d5 4. Nf3 dxc4 5. Bg2 Bb4+ 6. Bd2 a5 7. Qc2 b6 8. 0-0 Bb7 9. Bxb4 axb4 10. Qxc4 Nc6 11. Nbd2 0-0 12. Rfc1 Ra7 13. e3 Nd5 14. Ne1 h6 15. Nd3 Qd6 16. Qb3 Rfa8 17. Nc4 Qe7 18. a3 Qd8 19. Re1 Ra4 20. h4 bxa3 21. Nxa3 Ncb4 22. Ne5 Nc6 23. Nec4 Qe7 24. Rad1 Qb4 25. Qc2 Rd8 26. Qc1 Raa8 27. Qb1 Qa4 28. Rc1 Ra7 29. Red1 Ndb4 30. Kh2 Qa6 31. Bf1 Qa4 32. Bg2 Qa6 33. Bf1 Qa4 34. Nd2 Ba6 35. Bxa6 Rxa6 36. Nf3 Ra5 37. Rc4 Rad5 38. Rdc1 Qa8 39. Qe4 R8d6 40. Kg1 Rd8 41. Nc2 b5 42. Rc3 Na2 43. Ra3 Nxc1 44. Rxa8 Rxa8 45. Kg2 Ra2 46. Qf4 Rd6 47. e4 Nb3 48. Qe3 Nba5 49. Qc3 b4 50. Nxb4 Nxb4 51. Qxb4 Rb6 52. Qe7 1/2-1/2

[Event "LSS No Engine Cup 197 Preliminary 0"]
[Site "LSS email"]
[Date "2020.01.19"]
[Round "?"]
[White "Littlewood, Richard"]
[Black "Wisham, Clyde"]
[Result "1-0"]
[WhiteElo "1622"]
[BlackElo "1762"]
[PlyCount "89"]
[EventDate "2020.01.19"]
[EventType "tourn (corr)"]
[EventRounds "6"]
[EventCountry "GER"]
[SourceTitle "Corr 2022"]
[Source "ChessBase"]
[SourceDate "2021.10.24"]
[SourceVersion "1"]
[SourceVersionDate "2021.10.24"]
[SourceQuality "1"]

1. e4 e6 2. d4 d5 3. Nd2 Nf6 4. e5 Nfd7 5. Bd3 c5 6. c3 Nc6 7. Ne2 cxd4 8. cxd4 f6 9. exf6 Nxf6 10. Nf3 Bb4+ 11. Bd2 0-0 12. 0-0 b6 13. Rc1 Bxd2 14. Qxd2 Qd6 15. Qf4 Qxf4 16. Nxf4 Nb4 17. Bb1 Ne4 18. Nd3 a5 19. a3 Nxd3 20. Bxd3 Ba6 21. Bxa6 Rxa6 22. Rc6 Re8 23. Rfc1 Kf7 24. Rc7+ Re7 25. Kf1 Ra7 26. Ne5+ Kf6 27. Rxa7 Rxa7 28. Rc6 Rb7 29. Rxb6 Rxb6 30. Nd7+ Kf5 31. Nxb6 Nd2+ 32. Ke2 Nb3 33. Ke3 e5 34. dxe5 Kxe5 35. h4 d4+ 36. Kd3 h5 37. f3 Kf4 38. Kc4 Nd2+ 39. Kxd4 Kg3 40. b4 axb4 41. axb4 Kxg2 42. f4 Kg3 43. Nc4 Nb3+ 44. Kd5 Kxh4 45. b5 1-0